| 000 | 00512nam a2200169 i 4500 | ||
|---|---|---|---|
| 001 | 54246 | ||
| 003 | ES-MaACL | ||
| 007 | t| | ||
| 008 | 931025s1881 sp ||||1| spa d | ||
| 100 | 1 |
_aAdts, Nicolas Joseph. _918495 |
|
| 245 | 1 | 4 |
_aLos progresos del Arte de la guerra / _cpor N. Adts ; traducción de Antonio Tovar. |
| 260 |
_aMadrid : _b[s.n.], _c1881 ( _fFortanet) |
||
| 300 |
_a196 p. ; _c15 cm. |
||
| 700 | 1 |
_aTovar, Antonio, _dS.XIX _9111168 |
|
| 852 |
_aES-MaACL _jG-10991(2) |
||
| 999 |
_c54246 _d54246 |
||